An enhancement of seamless IP diversity based generalized mobility architecture /
Saved in:
| 主要作者: | |
|---|---|
| 格式: | Thesis |
| 語言: | English |
| 出版: |
Gombak, Selangor :
Kulliyyah of Engineering, International Islamic University Malaysia,
2009
|
| 主題: | |
| 在線閱讀: | http://studentrepo.iium.edu.my/handle/123456789/5137 |
| 標簽: |
添加標簽
沒有標簽, 成為第一個標記此記錄!
|
| LEADER | 020260000a22004090004500 | ||
|---|---|---|---|
| 001 | 451840 | ||
| 005 | 20230419104716.0 | ||
| 008 | 090731t2009 my a g 000 0 eng d | ||
| 035 | |a (Sirsi) 451840 | ||
| 040 | |a UIAM |b eng | ||
| 043 | 0 | |a a-my-- | |
| 050 | 0 | 0 | |a TK5105.55 |
| 100 | 0 | |a Naimah binti Yaakob |9 87795 | |
| 245 | 1 | 3 | |a An enhancement of seamless IP diversity based generalized mobility architecture / |c by Naimah binti Yaakob |
| 260 | |a Gombak, Selangor : |b Kulliyyah of Engineering, International Islamic University Malaysia, |c 2009 | ||
| 300 | |a xvi, 161 leaves : |b ill. ; |c 30 cm. | ||
| 336 | |2 rdacontent | ||
| 337 | |2 rdamedia | ||
| 338 | |2 rdacarrier | ||
| 500 | |a "A dissertation submitted in partial fulfilment of the requirements for the degree of Master of Science (Computer and Information Egineering)"--On t.p. | ||
| 502 | |a Thesis (MSc.CIE) -- International Islamic University Malaysia, 2009. | ||
| 504 | |a Includes bibliographical references (leaves 124-130) | ||
| 546 | |a Abstract in English and Arabic. | ||
| 630 | 0 | |a SIGMA (Computer network protocol) |9 87796 | |
| 650 | 0 | |a Computer network protocols |9 66228 | |
| 650 | 0 | |a Wireless Internet |9 11113 | |
| 650 | 0 | |a Wireless communication systems | |
| 650 | 0 | |a Mobile computing | |
| 655 | 0 | 7 | |a Theses, IIUM local |
| 710 | 2 | |a International Islamic University Malaysia. |b Department of Computer and Information Engineering |9 70004 | |
| 856 | 4 | |u http://studentrepo.iium.edu.my/handle/123456789/5137 | |
| 900 | |a hj-fs-rmb | ||
| 942 | |2 lcc |n 0 | ||
| 999 | |c 433670 |d 466275 | ||
| 952 | |0 0 |6 T TK 005105.55 N157E 2009 |7 0 |8 THESES |9 755539 |a IIUM |b IIUM |c MULTIMEDIA |g 0.00 |o t TK5105.55N157E 2009 |p 00011102755 |r 2017-10-20 |t 1 |v 0.00 |y THESIS | ||
| 952 | |0 0 |6 T TK 005105.55 N157E 2009 |7 0 |8 THESES |9 755540 |a IIUM |b IIUM |c MULTIMEDIA |g 0.00 |o t TK5105.55N157E 2009 |p 00011274525 |r 2017-10-20 |t 2 |v 0.00 |y THESIS | ||
| 952 | |0 0 |6 TS CDF TK5105.55N157E 2009 |7 0 |8 THESES |9 835129 |a IIUM |b IIUM |c MULTIMEDIA |g 0.00 |o ts cdf TK5105.55N157E 2009 |p 11100326849 |r 2017-10-26 |t 1 |v 0.00 |y THESISDIG | ||
